| 000 | 00399nam a22001457a 4500 | ||
|---|---|---|---|
| 005 | 20200622143710.0 | ||
| 008 | 200622b xxu||||| |||| 00| 0 eng d | ||
| 082 | _a345.4 AIR -L | ||
| 110 |
_aALL INDIA REPORTER _96276 |
||
| 245 | _aTHE LABOUR AND INDUSTRIAL CASE [ 1978] V-II JOURNAL | ||
| 260 |
_aMUMBAI _bALL INDIA REPORTER Pvt.Ltd. _c1978 |
||
| 300 | _a960p. | ||
| 650 |
_aLAW _95701 |
||
| 942 | _cJRL | ||
| 999 |
_c7392 _d7390 |
||